[Event "34th Chess Olympiad (men)"]
[Site "Istanbul"]
[Date "2000.11.12"]
[Round "14.57.3"]
[White "Elkuch, Harald"]
[Black "Renaud, Kenny"]
[WhiteElo "2126"]
[BlackElo "2000"]
[WhiteCountry "LIE"]
[BlackCountry "SEY"]
[Result "1/2-1/2"]

1. e4 c5 2. Nf3 Nc6 3. d4 cxd4 4. Nxd4 e6 5. Be3 Nf6 6. Nd2 d5 7. Nxc6 bxc6 
8. e5 Nd7 9. f4 c5 10. c3 Be7 11. Bd3 Bh4+ 12. g3 Be7 13. O-O Bb7 14. Qh5 g6 
15. Qh6 Bf8 16. Qh3 Qb6 17. Rab1 d4 18. Bf2 Rd8 19. g4 Be7 20. Rfe1 O-O 
21. f5 exf5 22. gxf5 Rfe8 23. Nc4 Qc7 24. Bg3 Qc6 25. Be4 Qa6 26. Bxb7 Qxb7 
27. e6 Nf6 28. exf7+ Kxf7 29. fxg6+ hxg6 30. Bh4 Kg7 31. Ne5 Rd6 32. Qd3 Nh5 
33. Bg3 Bg5 34. cxd4 cxd4 35. Ng4 Rxe1+ 36. Rxe1 Nxg3 37. Qxg3 Qd5 38. Re5 Qc4 
39. Re1 Rb6 40. b3 Qc3 41. Qe5+ Bf6 42. Nxf6 Rxf6 43. Rf1 Qe3+ 44. Qxe3 dxe3 
45. Re1 Rf2 46. a4 Rb2 47. Rxe3 Kh6 48. h3 Kg5 49. a5 Kf4 50. Rc3 g5 
51. Kf1 Ke4 52. Ke1 Rh2 53. Kd1 Rb2 54. Kc1 Rh2 55. Kb1 Kd5 56. Rg3 Kc6 
57. Rxg5 Rxh3 58. Kb2 Kb7 59. Ka3 Ka6 60. Ka4 Rh1 61. Rg6+ Kb7 62. a6+ Kc7 
63. b4 Rh8 64. Ka5 Kb8 65. b5 Ka8 66. Kb4 Rc8 67. Rc6 Rh8 68. Kc5 Rg8 
69. Rf6 Kb8 70. Kc6 Rc8+ 71. Kd7 Rc7+ 72. Kd6 Rc8 73. Rf7 Rd8+ 74. Kc5 Rc8+ 
75. Kb4 Re8 76. Ka5 Rh8 77. Rb7+ Ka8 78. Rd7 Kb8 79. Re7 Rg8 80. b6 Rg5+ 
81. Kb4 axb6 
1/2-1/2

[Event "34th Chess Olympiad (men)"]
[Site "Istanbul"]
[Date "2000.11.12"]
[Round "14.58.4"]
[White "Manzanilla, Ernesto"]
[Black "Richter, Hannes"]
[WhiteElo "2155"]
[BlackElo "2000"]
[WhiteCountry "GCI"]
[BlackCountry "NAM"]
[Result "0-1"]

1. e4 c5 2. Nf3 Nc6 3. d4 cxd4 4. c3 dxc3 5. Nxc3 e6 6. Bc4 Qc7 7. Qe2 Nf6 
8. O-O Ng4 9. g3 Bc5 10. h3 Nge5 11. Nxe5 Nxe5 12. Bf4 d6 13. Bb3 Ng6 
14. Be3 Bd7 15. Rfd1 Rd8 16. Rac1 a6 17. Bxc5 dxc5 18. Na4 Bxa4 19. Rxd8+ Qxd8 
20. Bxa4+ b5 21. Rd1 Qc7 22. Bc2 Ke7 23. Qe3 Rd8 24. f4 Rxd1+ 25. Bxd1 Qd6 
26. Be2 Qd4 27. Qxd4 cxd4 28. a4 Kd6 29. axb5 a5 30. Kf2 e5 31. f5 Ne7 
32. g4 f6 33. Ke1 Kc5 34. Kd2 Nc8 35. h4 h6 36. Kc2 Nd6 37. Bd3 Nxb5 
38. Kb3 Nd6 39. Ka4 Nc4 40. Kb3 a4+ 41. Kc2 Kb4 42. Kc1 Ne3 43. Be2 Kb3 
44. h5 Nc4 45. Bd1+ Kb4 46. Be2 Na5 47. Kc2 Nb3 48. Bf3 Nc5 49. Bg2 d3+ 
50. Kc1 Kc4 
0-1

[Event "34th Chess Olympiad (men)"]
[Site "Istanbul"]
[Date "2000.11.12"]
[Round "14.59.1"]
[White "Hashim, Hasnul"]
[Black "Hawes, Jonathan"]
[WhiteElo "2000"]
[BlackElo "2113"]
[WhiteCountry "BRU"]
[BlackCountry "JCI"]
[Result "0-1"]

1. e4 e6 2. d3 c5 3. Nc3 Nc6 4. g3 g6 5. Bg2 Bg7 6. Nge2 Nge7 7. Be3 Nd4 
8. O-O d6 9. Qd2 O-O 10. Nd1 Nxe2+ 11. Qxe2 f5 12. f4 Qc7 13. c3 d5 14. e5 b6 
15. Bf2 a5 16. b3 Bb7 17. Nb2 Rfd8 18. Rfc1 Rac8 19. Na4 Bc6 20. Nb2 Kf7 
21. d4 cxd4 22. Bxd4 Rb8 23. Rd1 Bf8 24. Rac1 b5 25. c4 Qb7 26. c5 b4 
27. Nd3 Bb5 28. g4 fxg4 29. Qxg4 Nf5 30. Bf2 Qa6 31. Qh3 Kg8 32. Ne1 Rbc8 
33. Nf3 Rc6 34. Ng5 h6 35. Nxe6 Rxe6 36. Bxd5 Rxd5 37. Rxd5 Be7 38. Qg4 Bc6 
39. Rd2 Qb7 40. h4 h5 41. Qh3 Bf3 42. Rcc2 Kf7 43. Qf1 Qe4 44. Rc4 Qb7 
45. Qd3 Ke8 46. c6 Bxc6 47. Bc5 Bxh4 48. Bd6 Nxd6 49. Qh3 Nf5 
0-1

[Event "34th Chess Olympiad (men)"]
[Site "Istanbul"]
[Date "2000.11.12"]
[Round "14.59.2"]
[White "Khan, Mohammed"]
[Black "Tun, Yap"]
[WhiteElo "2197"]
[BlackElo "2000"]
[WhiteCountry "JCI"]
[BlackCountry "BRU"]
[Result "1-0"]

1. c4 d6 2. g3 g6 3. Bg2 c6 4. Nc3 Bg7 5. Nf3 Nf6 6. O-O O-O 7. d4 Bg4 
8. h3 Bxf3 9. Bxf3 Qc8 10. Kh2 e5 11. d5 c5 12. e4 a6 13. Bg5 Nbd7 14. Qd2 Re8 
15. Bg2 Kh8 16. Bh6 Ng8 17. Bxg7+ Kxg7 18. f4 f6 19. f5 Nf8 20. h4 gxf5 
21. Bh3 Qc7 22. Bxf5 Re7 23. Nd1 b5 24. Ne3 Nh6 25. Qf2 Rf7 26. Be6 Nxe6 
27. dxe6 Rff8 28. g4 Kh8 29. g5 Ng8 30. Nd5 Qg7 31. gxf6 Rxf6 32. Nxf6 Rf8 
33. Qg3 Rxf6 34. Rxf6 Qxf6 35. Rg1 Ne7 36. Rg2 bxc4 37. Rf2 Qxe6 38. Rf8+ Ng8 
39. h5 d5 40. exd5 Qxd5 41. Rf5 Nh6 42. Rf8+ Ng8 43. h6 Qd2+ 44. Kg1 Qc1+ 
45. Rf1 Qxh6 46. Qxe5+ Qg7+ 47. Qxg7+ Kxg7 48. Rf5 c3 49. bxc3 c4 50. Rf4 Ne7 
51. Rxc4 Nd5 52. Rc5 Nf4 53. c4 Kf6 54. Ra5 Ke6 55. Rxa6+ Ke5 56. Rc6 Ne2+ 
57. Kf2 Nc3 58. a3 Kd4 59. Kf3 h5 60. Kg3 Ne4+ 61. Kh4 Nc5 62. Kxh5 Kxc4 
63. Rb6 Nd3 64. Kg5 Kc5 65. Rb8 Kc6 66. Kf5 Nc5 67. Rb1 Na4 68. Ke5 Nb6 
69. Kd4 Na4 70. Kc4 Nb6+ 71. Kb4 Nd5+ 72. Ka5 Kc7 73. Ka6 Ne7 74. Rb7+ Kd8 
75. Rxe7 Ke7 76. Kb7+ 
1-0

[Event "34th Chess Olympiad (men)"]
[Site "Istanbul"]
[Date "2000.11.12"]
[Round "14.59.3"]
[White "Yusof, Abdul"]
[Black "Boxal, Graham"]
[WhiteElo "2000"]
[BlackElo "2000"]
[WhiteCountry "BRU"]
[BlackCountry "JCI"]
[Result "1-0"]

1. d4 Nf6 2. c4 g6 3. Nc3 Bg7 4. e4 d6 5. Bd3 Nbd7 6. Nge2 e5 7. d5 O-O 
8. O-O Nc5 9. Bc2 a5 10. f3 Nh5 11. g4 Nf6 12. Be3 Ne8 13. Ng3 Qh4 14. Kg2 Nd7 
15. Qd2 Ndf6 16. Bg5 
1-0

[Event "34th Chess Olympiad (men)"]
[Site "Istanbul"]
[Date "2000.11.12"]
[Round "14.60.2"]
[White "Carty, Leo"]
[Black "Chau, Sau Ming"]
[WhiteElo "2000"]
[BlackElo "2000"]
[WhiteCountry "ISV"]
[BlackCountry "HKG"]
[Result "0-1"]

1. d4 Nf6 2. Nf3 e6 3. Bg5 b6 4. h3 Bb7 5. e3 h6 6. Bf4 d5 7. a3 Nbd7 8. Nc3 a6 
9. Bd3 c5 10. b3 Rc8 11. Qe2 cxd4 12. Nd1 dxe3 13. Bxe3 b5 14. Nb2 Bc5 
15. O-O O-O 16. Nd1 Re8 17. Qd2 Bxe3 18. Nxe3 Nc5 19. Be2 Nce4 20. Qe1 d4 
21. Rd1 e5 22. Ng4 Nxg4 23. hxg4 Nf6 24. g5 hxg5 25. Nxg5 Nd5 26. Qd2 Nf4 
27. Nf3 Qf6 28. Rfe1 Nxg2 
0-1

[Event "34th Chess Olympiad (men)"]
[Site "Istanbul"]
[Date "2000.11.12"]
[Round "14.60.3"]
[White "Chong, Chor"]
[Black "Friedman, Brian"]
[WhiteElo "2000"]
[BlackElo "2000"]
[WhiteCountry "HKG"]
[BlackCountry "ISV"]
[Result "1-0"]

1. d4 b6 2. c4 Bb7 3. Nc3 e6 4. Bf4 Bb4 5. f3 Nf6 6. e4 O-O 7. Bd3 Bxc3+ 
8. bxc3 d6 9. Bg5 Nbd7 10. Ne2 h6 11. Be3 Qe7 12. O-O Rfe8 13. Qd2 e5 
14. Ng3 Nh7 15. Nf5 Qf6 16. Rae1 g5 17. Qf2 Qg6 18. Qg3 f6 19. f4 Kf8 
20. fxg5 hxg5 21. Qg4 Re7 22. Nxe7 Kxe7 23. Rf3 Rf8 24. Ref1 Bc8 25. Qg3 a6 
26. Qf2 Qg7 27. Rg3 Rf7 28. Qf3 Ke8 29. h4 Rf8 30. hxg5 fxg5 31. Qh5+ Kd8 
32. Rxf8+ Ndxf8 33. Bxg5+ Nf6 34. Qh4 c6 35. Bxf6+ 
1-0

[Event "34th Chess Olympiad (men)"]
[Site "Istanbul"]
[Date "2000.11.12"]
[Round "14.60.4"]
[White "Heywood, Julius"]
[Black "Chan, Ping"]
[WhiteElo "2000"]
[BlackElo "2000"]
[WhiteCountry "ISV"]
[BlackCountry "HKG"]
[Result "1-0"]

1. e4 e5 2. Nf3 Nf6 3. Nc3 d6 4. d3 Be7 5. Be2 h6 6. Be3 Nc6 7. a3 a6 
8. Qd2 Ng4 9. Nd5 Be6 10. Nxe7 Nxe7 11. d4 Nxe3 12. Qxe3 Ng6 13. d5 Bd7 
14. O-O O-O 15. c4 b6 16. b4 Nf4 17. Ne1 f5 18. Nd3 fxe4 19. Nxf4 Rxf4 
20. Rfc1 Qg5 21. c5 dxc5 22. bxc5 Raf8 23. Rf1 bxc5 24. Bxa6 R8f6 25. Bc4 Kh7 
26. Ra2 Bg4 27. Rc1 Bf3 28. g3 c6 29. dxc6 Rxc6 30. Be2 Rf7 31. Qxg5 hxg5 
32. Rac2 Ra7 33. Bxf3 exf3 34. Rc3 e4 35. h3 Kh6 36. Re3 c4 37. g4 Rca6 
38. Rxe4 Rxa3 39. Rexc4 Rf7 40. Rc6+ Rf6 41. Rxf6+ gxf6 42. Kh2 Kg6 43. Rc5 Ra4 
44. Rf5 Rf4 45. Rxf4 gxf4 46. h4 f5 47. Kh3 fxg4+ 48. Kxg4 Kh6 49. Kxf4 Kh5 
50. Kg3 Kg6 51. Kxf3 Kf5 52. Kg3 Kg6 53. Kg4 Kf6 54. f4 Kg6 55. h5+ Kf6 
56. f5 Kg7 57. Kf4 Kf6 58. h6 Kf7 59. Ke5 Kg8 60. Ke6 Kh7 61. f6 Kg8 62. Ke7 
1-0

[Event "34th Chess Olympiad (men)"]
[Site "Istanbul"]
[Date "2000.11.12"]
[Round "14.61.1"]
[White "Murasira, Albert"]
[Black "Carrera, Alhan"]
[WhiteElo "2000"]
[BlackElo "2135"]
[WhiteCountry "RWA"]
[BlackCountry "PAN"]
[Result "0-1"]

1. e4 c5 2. Nf3 e6 3. c4 Nc6 4. d4 cxd4 5. Nxd4 Bc5 6. Nxc6 bxc6 7. Be2 Qh4 
8. O-O Qxe4 9. Nd2 Qh4 10. Nf3 Qe7 11. a3 a5 12. Bg5 f6 13. Bf4 e5 14. Re1 d6 
15. Bd2 Qa7 16. Rf1 Qb7 17. Qc2 Ne7 18. Nh4 O-O 19. Bd3 f5 20. Bg5 e4 
21. Be2 Ng6 22. Nxg6 hxg6 23. Rad1 Re8 24. Kh1 Rb8 25. Rd2 Qf7 26. Qc3 f4 
27. g3 f3 28. Bd1 Qf5 29. Bf4 Qh3 30. Rg1 g5 31. Bxd6 Re6 32. Be5 Qxh2+ 
0-1

[Event "34th Chess Olympiad (men)"]
[Site "Istanbul"]
[Date "2000.11.12"]
[Round "14.61.3"]
[White "Murara, Maxence"]
[Black "Gardellini, Arnulfo"]
[WhiteElo "2000"]
[BlackElo "2000"]
[WhiteCountry "RWA"]
[BlackCountry "PAN"]
[Result "1-0"]

1. e4 c5 2. d4 cxd4 3. Nf3 d6 4. Nxd4 Nf6 5. Nc3 g6 6. Be2 Bg7 7. Be3 Nc6 
8. h3 O-O 9. O-O d5 10. Nxc6 bxc6 11. exd5 cxd5 12. Rb1 e5 13. Bg5 Be6 
14. Bf3 e4 15. Be2 Qd7 16. Be3 a6 17. a3 Rfc8 18. Qd2 Ne8 19. Bd4 Bxd4 
20. Qxd4 Ng7 21. Rfd1 Rd8 22. Na4 Nf5 23. Qb4 Rab8 24. Qa5 e3 25. f4 Ng3 
26. Bf3 Qd6 27. Nc3 Qxf4 28. Bxd5 e2 29. Re1 Bxd5 30. Nxd5 Qd4+ 31. Kh2 Nf1+ 
32. Kh1 Qxd5 33. Qxa6 Qe5 34. Rxf1 exf1=Q+ 35. Qxf1 Rxb2 36. Re1 Qf5 
37. Qg1 Rxc2 38. Qb6 Rdd2 39. Qb8+ Kg7 40. Qb1 Rxg2 41. Qa1+ Rb2 
42. Qxb2+ Qxh3+ 43.  Qf5 
1-0

[Event "34th Chess Olympiad (men)"]
[Site "Istanbul"]
[Date "2000.11.12"]
[Round "14.61.4"]
[White "Miranda, Adrian"]
[Black "Mutabazi, Fidele"]
[WhiteElo "2000"]
[BlackElo "2000"]
[WhiteCountry "PAN"]
[BlackCountry "RWA"]
[Result "1-0"]

1. e4 c5 2. Nf3 Nc6 3. c3 e5 4. Bc4 Be7 5. O-O Nf6 6. Re1 O-O 7. d4 d6 
8. d5 Nb8 9. Qc2 Nfd7 10. Be3 Kh8 11. Nbd2 Nb6 12. Bd3 a6 13. Rab1 Bg4 
14. b4 f5 15. exf5 Nxd5 16. bxc5 Nxe3 17. Rxe3 Qd7 18. cxd6 Bxd6 19. Nc4 Qc7 
20. Ncxe5 Bxf3 21. Nxf3 Nc6 22. Rbe1 b5 23. h3 Bc5 24. Nd4 Nxd4 25. cxd4 Bb6 
26. Qxc7 Bxc7 27. Re6 Rfd8 28. d5 Kg8 29. Be4 Ra7 30. Rc1 b4 31. Rcc6 Bf4 
32. Rxa6 Rc7 33. Rac6 Ra7 34. g3 Bd2 35. Ra6 Rc7 36. Rec6 Re7 37. f3 Rb7 
38. d6 b3 39. Bd5+ Kf8 40. axb3 g6 41. Kf1 gxf5 42. Rc2 Rxb3 43. Bxb3 Bb4 
44. Rcc6 Re8 45. d7 
1-0

[Event "34th Chess Olympiad (men)"]
[Site "Istanbul"]
[Date "2000.11.12"]
[Round "14.62.1"]
[White "Luga, Allan"]
[Black "Faulks, Nick"]
[WhiteElo "2000"]
[BlackElo "2025"]
[WhiteCountry "PNG"]
[BlackCountry "BER"]
[Result "0-1"]

1. e4 c5 2. d4 cxd4 3. Qxd4 Nc6 4. Qd1 Nf6 5. Nd2 g6 6. Ngf3 Bg7 7. Bd3 O-O 
8. O-O d6 9. h3 Nh5 10. Nb3 e5 11. c3 Kh8 12. Be2 Qe7 13. Nbd2 Be6 14. Nc4 Rad8 
15. Ne3 Qd7 16. Ng5 Nf4 17. Nxe6 fxe6 18. Bf3 Qf7 19. Ng4 Nxh3+ 20. gxh3 Qxf3 
21. Qxf3 Rxf3 22. Kg2 Rf7 23. Bg5 Rdd7 24. Rad1 d5 25. exd5 exd5 26. h4 d4 
27. cxd4 exd4 28. Rfe1 h5 29. Re8+ Kh7 30. Nh2 Ne5 31. Nf3 Nxf3 
0-1

[Event "34th Chess Olympiad (men)"]
[Site "Istanbul"]
[Date "2000.11.12"]
[Round "14.62.3"]
[White "Albis, Jeppers"]
[Black "Kast, Harry"]
[WhiteElo "2000"]
[BlackElo "2000"]
[WhiteCountry "PNG"]
[BlackCountry "BER"]
[Result "1/2-1/2"]

1. d4 Nf6 2. c4 g6 3. Nc3 Bg7 4. e4 d6 5. Bd3 O-O 6. Nge2 e5 7. d5 c5 8. O-O a6 
9. a4 b6 10. Bd2 Nh5 11. f3 g5 12. g4 Nf4 13. Nxf4 exf4 14. Qc2 Be5 15. Kg2 Ra7 
16. Rh1 Nd7 17. Be1 f6 18. Bf2 Rf7 
1/2-1/2

[Event "34th Chess Olympiad (men)"]
[Site "Istanbul"]
[Date "2000.11.12"]
[Round "14.62.4"]
[White "Simmons, Kennedy"]
[Black "Marko, Helmut"]
[WhiteElo "2000"]
[BlackElo "2205"]
[WhiteCountry "BER"]
[BlackCountry "PNG"]
[Result "1-0"]

1. e4 d6 2. d4 Nf6 3. Nc3 g6 4. f3 Bg7 5. Be3 Nbd7 6. Qd2 c6 7. O-O-O b5 
8. Bd3 b4 9. Nb1 a5 10. h4 Qc7 11. Ne2 c5 12. Bb5 Ba6 13. Bxa6 Rxa6 
14. Bh6 Bxh6 15. Qxh6 c4 16. g4 a4 17. h5 Rf8 18. g5 Nxh5 19. Qxh7 e5 
20. Rdg1 exd4 21. Nxd4 Nf4 22. Rg4 Qc5 23. Rxf4 Qxd4 24. Re1 Rh8 25. Qxf7+ Kd8 
26. e5 Rf8 27. Qxf8+ Nxf8 28. Rxd4 b3 29. a3 Ne6 30. Rxd6+ Rxd6 31. exd6 Nxg5 
32. Nd2 Kd7 33. Rg1 Nf7 34. Nxc4 g5 35. Re1 Nd8 36. Re7+ Kc6 37. cxb3 axb3 
38. Kd2 Kd5 39. Kc3 Nc6 40. Re5+ Nxe5 41. Nxe5 
1-0

[Event "34th Chess Olympiad (men)"]
[Site "Istanbul"]
[Date "2000.11.12"]
[Round "14.63.1"]
[White "Krylov, Sergey"]
[Black "Leyva, Hector"]
[WhiteElo "2344"]
[BlackElo "2409"]
[WhiteCountry "IBSA"]
[BlackCountry "ESA"]
[Result "1/2-1/2"]

1. e4 c5 2. Nf3 d6 3. d4 cxd4 4. Nxd4 Nf6 5. Nc3 a6 6. Be3 e5 7. Nb3 Be7 
8. f3 Be6 9. Qd2 O-O 10. O-O-O b5 11. g4 b4 12. Na4 Nc6 13. Nb6 Rb8 
14. Nd5 Bxd5 15. exd5 Na5 16. Kb1 Nxb3 17. cxb3 a5 18. Rc1 Qd7 19. h4 Rfc8 
20. Ba6 Rxc1+ 21. Rxc1 Ne8 22. Qc2 Bd8 23. Bc8 Qe7 24. Bg5 f6 25. Be3 Nc7 
26. Bf5 g6 27. Be4 Nb5 28. h5 g5 29. h6 Nd4 30. Bxd4 exd4 31. Re1 Kh8 
32. Qd1 Bb6 33. Bc2 Qf8 34. Re6 Bc5 35. Qe1 Qxh6 36. Re7 Rf8 37. Bf5 Qh2 
38. Rb7 d3 39. Bxd3 Qg1 40. Qxg1 Bxg1 41. Rxh7 Kg8 42. Rd7 Bc5 43. Bf5 Ra8 
44. Kc2 Ra7+ 45. Rxa7 Bxa7 46. Kd3 Kf8 47. Kc4 Ke7 48. Kb5 Kd8+ 49. Kxa5 Bc5 
50. Kb5 Kc7+ 51. Be6 Kb7+ 52. Bd7 Kc7+ 53. Bc6 Kb8+ 54. Kc4 Kc7 55. Kd3 Kb6 
56. Ke4 Ka5 57. Kf5 Bd4 58. Ke6 Be5 59. a4 Kb6 60. Be8 Ka5 61. Bb5 Kb6 
62. Bc4 Ka5 63. Ke7 Kb6 64. Bd3 Bf4 65. Ke6 Be5 
1/2-1/2

[Event "34th Chess Olympiad (men)"]
[Site "Istanbul"]
[Date "2000.11.12"]
[Round "14.63.3"]
[White "Dukaczewski, Piotr"]
[Black "Segura, Javier"]
[WhiteElo "2292"]
[BlackElo "2000"]
[WhiteCountry "IBSA"]
[BlackCountry "ESA"]
[Result "1-0"]

1. e4 e5 2. Bc4 Nf6 3. d3 h6 4. Nf3 Nc6 5. O-O Bc5 6. c3 d6 7. d4 exd4 
8. cxd4 Bb6 9. Bb5 O-O 10. Bxc6 bxc6 11. Qc2 Bd7 12. a4 a5 13. Nbd2 Re8 
14. Re1 c5 15. d5 Ng4 16. h3 Ne5 17. Nxe5 Rxe5 18. Nc4 Re8 19. Bf4 f6 
20. b3 Rb8 21. Rad1 Kf7 22. Bd2 Ra8 23. Bc3 Rg8 24. Qe2 Be8 25. Qf3 Rf8 
26. Qg3 Kg8 27. Kh1 Kh7 28. f4 Ra7 29. Rd3 Bf7 30. e5 dxe5 31. fxe5 Bg6 
32. exf6 gxf6 33. Rf3 c6 34. d6 Raf7 35. Re7 Qb8 
1-0